004890000a22001450004500060000800000082002100008100002100029245006800050260004500118260000900163300000800172490006500180490006900245650002900314 a100 a582.13095482 MAY aMayurnathan, P V aFlowering plants of Madras city and its immediate neighbourhood aLondon, Experintendent, Government Press c1929 a340 aBulletin of the Madras Govt. museum: Natural history section aIIcBulletin of the Madras Govt. museum: Natural history section aFlowering plants- Madras